Statistics for Justice League Superheroes

Click here to take the quiz!

General Stats

  • This quiz has been taken 765 times
  • The average score is 10 of 15

Answer Stats

HintAnswer% Correct
superhero from KryptonSuperman
100%
billionaire orphan with a certain phobiaBatman
99%
warrior princess of the AmazonWonder Woman
99%
king of AtlantisAquaman
97%
man with magical ring that gives him powersGreen Lantern
97%
police scientsit with superspeedThe Flash
97%
billionaire businessman dressed similar to Robin HoodGreen Arrow
90%
green-skinned humanoid from MarsMartian Manhunter
85%
the imperial prince of ThanagarHawkman
52%
a physicist and professor studying matter compressionAtom
51%
man who is very elasticElongated Man
39%
Girl with the ability to fly via a utility beltHawkgirl
29%
has no superpowers; posed as a criminal to take down criminal organizationsBlack Canary
11%
An alien from Rann who has superhuman strengthRed Tornado
8%
paranormal hero who battles occult and mysterious forcesPhantom Stranger
6%

Score Distribution

Percentile by Number Answered

Percent of People with Each Score

Your Score History

You have not taken this quiz